000
00394nam a22001217a 4500
003
SGT
082
_a
080
_b
M14B
100
_a
बजाज, जीतेन्द्र
245
_a
मध्यप्रदेश की कृषि मानचित्रावली
260
_b
समाजनीति समीक्षण केंद्र
_c
2014
300
_a
296
942
_2
ddc
_c
BK
999
_c
31455
_d
31455